| 000 | 00709nam a2200241Ia 4500 | ||
|---|---|---|---|
| 003 | PE SENCICO BE | ||
| 005 | 20251020182547.0 | ||
| 008 | 200515s9999 xx 000 0 und d | ||
| 020 | _a978-848-356-678-7 | ||
| 040 |
_aPE SENCICO BE _cPE SENCICO BE |
||
| 041 | _aspa | ||
| 082 |
_a658.3124 _bD73 |
||
| 100 | 1 |
_aDolan, Simon L. _91336 _eautor |
|
| 245 | 1 | 0 |
_aCoaching por valores / _cSimon L. Dolan |
| 250 | _a1a ed. | ||
| 260 |
_aBogotá : _bediciones de la U, _c2013 |
||
| 300 |
_a252 p. : _bdiagrs., _c22 cm. |
||
| 650 | 1 | 0 |
_aEntrenamiento de ejecutivos _91337 |
| 650 | 2 | 0 |
_aLiderazgo _9931 |
| 650 | 2 | 0 |
_aÉxito en los negocios _91338 |
| 650 | 2 | 0 |
_aÉtica en los negocios _91339 |
| 942 |
_cLIB _2ddc |
||
| 999 |
_c2606 _d2606 |
||